Подробности
| 000 -МАРКЕР |
| контрольное поле |
02306nam0a2200337 4500 |
| 001 - ИДЕНТИФИКАТОР ЗАПИСИ |
| контрольное поле |
RU\NLR\bibl\935395 |
| 005 - ИДЕНТИФИКАТОР ВЕРСИИ |
| контрольное поле |
20260407135730.0 |
| 010 ## - МЕЖДУНАРОДНЫЙ СТАНДАРТНЫЙ НОМЕР КНИГИ (ISBN) |
| Номер (ISBN) |
5-86937-062 |
| Тираж |
200 |
| 035 ## - ДРУГИЕ СИСТЕМНЫЕ НОМЕРА |
| Идентификатор записи |
(NLR Aleph) 000923597 |
| 100 ## - ДАННЫЕ ОБЩЕЙ ОБРАБОТКИ |
| Данные общей обработки |
20060419d2004 |||y0rusy50 ca |
| 101 0# - ЯЗЫК РЕСУРСА |
| Язык текста, звукозаписи и т.д. |
русский |
| 102 ## - СТРАНА ПУБЛИКАЦИИ ИЛИ ПРОИЗВОДСТВА |
| Страна публикации |
Российская Федерация |
| 105 ## - ПОЛЕ КОДИРОВАННЫХ ДАННЫХ: ТЕКСТОВЫЕ МАТЕРИАЛЫ, МОНОГРАФИЧЕСКИЕ |
| Кодированные данные о монографическом текстовом документе |
y ||||||||| |
| 200 1# - ЗАГЛАВИЕ И СВЕДЕНИЯ ОБ ОТВЕТСТВЕННОСТИ |
| Основное заглавие |
Роман А. П. Платонова "Чевенгур": авторская позиция и контексты восприятия |
| Сведения, относящиеся к заглавию |
межвузовский сборник научных трудов, [посвященный 50-летию со дня смерти писателя |
| -- |
по материалам IV Платонов. чтений |
| Первые сведения об ответственности |
редкол.: Т.А. Никонова и др.] |
| 210 ## - ПУБЛИКАЦИЯ, РАСПРОСТРАНЕНИЕ И ДР. |
| Место издания, распространения и т.д. |
Воронеж |
| Имя издателя, распространителя и т. д. |
Воронежский государственный университет |
| Дата издания, распространения и т.д. |
2004 |
| 215 ## - ФИЗИЧЕСКАЯ ХАРАКТЕРИСТИКА |
| Специфическое обозначение материала и объем |
223, [1] c. |
| Размеры |
20 |
| 300 ## - ОБЩИЕ ПРИМЕЧАНИЯ |
| Текст примечания |
В надзаг.: Воронеж. гос. ун-т, Филол. фак., Каф. рус. лит. XX века, Лаб. по изуч. мирового лит. процесса XX века |
| 320 ## - ПРИМЕЧАНИЯ О НАЛИЧИИ В ДОКУМЕНТЕ БИБЛИОГРАФИИ / УКАЗАТЕЛЯ |
| Текст примечания |
Библиогр. в конце тр. |
| 604 ## - ИМЯ И ЗАГЛАВИЕ КАК ПРЕДМЕТ |
| Связываемые данные |
700#1$aПлатонов$gАндрей Платонович$bА. П.$f1899 - 1951 |
| -- |
50010$a"Чевенгур"$jСборники$2nlr_sh2$3RU\NLR\AUTH\66860905 |
| Имя лица |
Платонов, Андрей Платонович (1899 - 1951) |
| Заглавие |
"Чевенгур" |
| Формальный подзаголовок |
Сборники |
| Системный номер авторитетной/нормативной записи |
1892647 |
| Идентификатор авторитетной/нормативной записи |
RU\NLR\AUTH\66860905 |
| 604 ## - ИМЯ И ЗАГЛАВИЕ КАК ПРЕДМЕТ |
| Связываемые данные |
700#1$aПлатонов$bА. П.$f1899-1951$gАндрей Платонович$4070 |
| -- |
50010$aЧевенгур: роман$2psbo |
| Имя лица |
Платонов, Андрей Платонович (1899-1951) |
| Заглавие |
Чевенгур: роман |
| 686 ## - ИНДЕКСЫ ДРУГИХ КЛАССИФИКАЦИЙ |
| Индекс |
Ш5(2=Р)7-4Платонов |
| 702 #1 - ИМЯ ЛИЦА - ВТОРИЧНАЯ ОТВЕТСТВЕННОСТЬ |
| Начальный элемент ввода |
Никонова |
| Часть имени, кроме начального элемента ввода |
Т. А. |
| Расширение инициалов личного имени |
Тамара Александровна |
| Код отношения |
Редактор |
| 711 12 - НАИМЕНОВАНИЕ ОРГАНИЗАЦИИ - АЛЬТЕРНАТИВНАЯ ОТВЕТСТВЕННОСТЬ |
| Код отношения |
Автор |
| Начальный элемент ввода |
Платоновские чтения |
| Порядковый номер временной организации и / или порядковый номер ее части |
4 |
| Дата проведения временной организации |
2001 |
| Место проведения временной организации |
Воронеж |
| Идентификатор авторитетной/нормативной записи |
RU\NLR\AUTH\8810082350 |
| Системный номер авторитетной/нормативной записи |
666882 |
| 712 02 - НАИМЕНОВАНИЕ ОРГАНИЗАЦИИ - ВТОРИЧНАЯ ОТВЕТСТВЕННОСТЬ |
| Код отношения |
Прочие |
| Начальный элемент ввода |
Воронежский государственный университет |
| Структурное подразделение |
Кафедра русской литературы XX века |
| Идентификатор авторитетной/нормативной записи |
RU\NLR\AUTH\8810051731 |
| Системный номер авторитетной/нормативной записи |
603788 |
| 801 #0 - ИСТОЧНИК ЗАПИСИ |
| Страна |
Российская Федерация |
| Организация |
NLR |
| Дата составления |
20060419 |
| Правила каталогизации |
rcr |
| 801 #1 - ИСТОЧНИК ЗАПИСИ |
| Страна |
Российская Федерация |
| Организация |
NLR |
| Дата составления |
20060419 |
| 830 ## - ОБЩЕЕ ПРИМЕЧАНИЕ, СОСТАВЛЕННОЕ КАТАЛОГИЗАТОРОМ |
| Текст примечания |
ред. по ЭК РНБ |
| 942 ## - ДОПОЛНИТЕЛЬНЫЕ ЭЛЕМЕНТЫ ЗАПИСИ (АБИС) |
| Тип экземпляра АБИС |
Книга |
| 980 ## - КОЛЛЕКЦИЯ |
| Название коллекции |
Национальная библиография |